| 000 | 01548nam a2200277Ia 4500 | ||
|---|---|---|---|
| 999 |
_c53505 _d53505 |
||
| 001 | 20551 | ||
| 003 | GE_BSU | ||
| 005 | 20250717135822.0 | ||
| 008 | 181216s2012||||ge |||||||||||||| ||geo|| | ||
| 020 | _a978-9941-19-458-0 | ||
| 040 | _cGE_BSU | ||
| 041 | _ageo | ||
| 080 | _a821.353.1-1 გ-85 | ||
| 100 |
_aგრიშაშვილი, იოსებ _925668 |
||
| 245 |
_a რჩეული ნაწარმოებები : 4 ტომად. ტ. 2, პოეზია, 1923-1960 წლები / _cიოსებ გრიშაშვილი ; სარედ. ჯგუფი : ზურაბ აბაშიძე, მანანა ჯანელიძე, ირმა ხარშილაძე. |
||
| 264 |
_aთბილისი : _bპალიტრა L, _c2012. |
||
| 300 |
_a336 გვ. ; _c20 სმ. |
||
| 490 |
_aჩემი რჩეული, 2233-3037 / სარედ. ჯგ.: ზურაბ აბაშიძე, მანანა ჯანელიძე, ირმა ხარშილაძე ; _vტ. 39 |
||
| 541 | _h6 ლ. | ||
| 653 | _aპოეზია. 1923-1960 წლები. ტ. 2 | ||
| 653 | _aრჩეული ნაწარმოებები : 4 ტომად | ||
| 700 |
_aაბაშიძე, ზურაბ _eრედაქტორი _91322 |
||
| 700 |
_aჯანელიძე, მანანა _eრედაქტორი _91323 |
||
| 700 |
_aხარშილაძე, ირმა _eრედაქტორი _925669 |
||
| 942 |
_cBK _2udc |
||